World e-parliament Report 2010 (Record no. 2410)
[ view plain ]
| 000 -LEADER | |
|---|---|
| fixed length control field | 00567nam a22001337a 4500 |
| 008 - FIXED-LENGTH DATA ELEMENTS--GENERAL INFORMATION | |
| fixed length control field | 230623b xxu||||| |||| 00| 0 eng d |
| 020 ## - INTERNATIONAL STANDARD BOOK NUMBER | |
| International Standard Book Number | 9789291424481 |
| 082 ## - DEWEY DECIMAL CLASSIFICATION NUMBER | |
| Classification number | 328.93 |
| Item number | IPU |
| 100 ## - MAIN ENTRY--PERSONAL NAME | |
| Titles and words associated with a name | United Nations |
| Dates associated with a name | 2010 |
| 245 ## - TITLE STATEMENT | |
| Title | World e-parliament Report 2010 |
| Remainder of title | Prepared by the Global Centre for ICT in Parliament |
| Statement of responsibility, etc. | A Partnership of the United Nations Department of Economic and Social Affairs and the Inter-parliamentary Union Inspired by the outcome of the World Summit on the Information Society |
| 260 ## - PUBLICATION, DISTRIBUTION, ETC. (IMPRINT) | |
| Name of publisher, distributor, etc. | United Nations |
| Date of publication, distribution, etc. | 2010 |
| 300 ## - PHYSICAL DESCRIPTION | |
| Extent | 244p |
| 942 ## - ADDED ENTRY ELEMENTS (KOHA) | |
| Source of classification or shelving scheme | Dewey Decimal Classification |
| Koha item type | Books |
| Withdrawn status | Lost status | Source of classification or shelving scheme | Damaged status | Not for loan | Home library | Current library | Date acquired | Total Checkouts | Full call number | Barcode | Date last seen | Price effective from | Koha item type |
|---|---|---|---|---|---|---|---|---|---|---|---|---|---|
| Dewey Decimal Classification | County Hall Archives | County Hall Archives | 06/23/2023 | 328.93 IPU | 10015575 | 06/23/2023 | 06/23/2023 | Books |
